Giotto, la cappella degli Scrovegni (Registro nro. 84949)

Detalles MARC
000 -ENCABEZADO
Número de control [NR] 00874nam a22002417a 4500
008 - DE LONGITUD FIJA DE DATOS DE ELEMENTOS - INFORMACIÓN GENERAL
Elementos de longitud fija [NR] 130821s1965 it gr ita
040 ## - FUENTE DE CATALOGACION [NR]
Agencia de catalogación original [NR] Co-BoUCM
Idioma de catalogación [NR] spa
041 00 - CODIGO DE IDIOMA [R]
Código de idioma para texto/pista de sonido o título separado [R] Italiano
092 ## - SIGNATURA TOPOGRAFICA LOCAL
Número de clasificación local FM 000151
100 ## - ASIENTO PRINCIPAL--NOMBRE PERSONAL [NR]
Nombre personal [NR] Semenzato, Camillo
ID Autoridad 123818
245 00 - MENCION DE TITULO [NR]
Título [NR] Giotto, la cappella degli Scrovegni
Mención de responsabilidad, etc. [NR] Di Camillo Semenzato
260 ## - PUBLICACION, DISTRIBUCION, ETC. (PIE DE IMPRENTA) [R]
Lugar de publicación, distribución, etc. [R] Milán (Italia)
Nombre del editor, distribuidor, etc. [R] Sadea/Sansoni Editori
Fecha de publicación, distribución, etc. [R] 1965
300 ## - DESCRIPCION FISICA [R]
Extensión [R] 40 páginas
490 ## - MENCION DE SERIE [R]
Mención de serie [R] Forma e Colore I Grandi Cicli Dell'Arte; 33
500 ## - NOTA GENERAL [R]
Nota general [NR] Incluye bibliografía e índice. -- Este libro se encuentra en el depósito de la biblioteca
600 ## - ASIENTO SECUNDARIO DE MATERIA - NOMBRE PERSONAL [R]
Nombre personal [NR] Bondone, Giotto di
Fechas asociadas con el nombre [NR] 1266-1337
9 (RLIN) 123790
600 ## - ASIENTO SECUNDARIO DE MATERIA - NOMBRE PERSONAL [R]
Nombre personal [NR] Bondone, Giotto di
Fechas asociadas con el nombre [NR] 1266-1337
Subdivisión general [R] Trabajos pictóricos
9 (RLIN) 123791
650 04 - ASIENTO SECUNDARIO DE MATERIA - TERMINO TEMATICO [R]
Término temático o nombre geográfico como elemento de entrada [NR] Arte cristiano
9 (RLIN) 9463
650 04 - ASIENTO SECUNDARIO DE MATERIA - TERMINO TEMATICO [R]
Término temático o nombre geográfico como elemento de entrada [NR] Pintura italiana
9 (RLIN) 21556
650 04 - ASIENTO SECUNDARIO DE MATERIA - TERMINO TEMATICO [R]
Término temático o nombre geográfico como elemento de entrada [NR] Pintura religiosa
9 (RLIN) 21565
650 04 - ASIENTO SECUNDARIO DE MATERIA - TERMINO TEMATICO [R]
Término temático o nombre geográfico como elemento de entrada [NR] Pinturas
9 (RLIN) 21575
942 ## - ELEMENTOS DE ENTRADA AGREGADOS (KOHA)
Tipo de ítem principal el descrito en 300a Libro
Tema principal [No clasificado]
Edición 1
Título oculto en OPAC No
Existencias
Total préstamos Signatura topográfica Código de barras Última vez visto Ejemplar Price effective from Tipo de ítem Nota pública (OPAC) Perdido Sistema de clasificación Dañado No prestable Tipo de ítem específico Suprimido Ubicación habitual Ubicación actual Localización Fecha de creación Forma de adquisición Costo
  FM 000151 120054513 04/12/2025 Ej.1 03/02/2013 Libro Galería de donantes   LOCAL     Libro   Claustro Claustro 3er piso 28/02/2003 Donación 10000.00